000 00641cam a2200145 4500500
005 20251228073713.0
041 _afre
042 _adc
100 1 0 _aCassimatis, Hélène
_eauthor
245 0 0 _aSzilàgyi Jànos György, In Search of Pelasgian Ancestors, The 1861 Hungarian Excavations in the Apennines, Budapest, Atlantisz Publishing House, 2004, 1 vol. 17 × 28, 210 p., fig. ds t., 12 pl. coul. h. t.
260 _c2005.
500 _a2
786 0 _nRevue archéologique | 40 | 2 | 2005-09-01 | p. 365z-437z | 0035-0737
856 4 1 _uhttps://shs.cairn.info/revue-archeologique-2005-2-page-365z?lang=fr&redirect-ssocas=7080
999 _c1595766
_d1595766